| 000 | 01353nam a22003257i 4500 | ||
|---|---|---|---|
| 999 |
_c23241 _d23241 |
||
| 003 | AR-CdUCM | ||
| 008 | 250305b20242024 pe||||| |||| 00| 0 spa d | ||
| 020 | _a978-612-4393-43-4 | ||
| 040 |
_aMUNICIPALIDAD PROVINCIAL DEL CUSCO _cBIBLIOTECA MUNICIPAL DEL CUSCO |
||
| 041 | _hspa | ||
| 082 |
_2Segunda Edición _a985.613 / O63 / e.2 _bO63 / e.2 |
||
| 100 |
_a Ordoñez Santisteban, Rubén Francisco _946851 |
||
| 245 |
_aMarcapata y el oro de los incas : _bSegunda edición / |
||
| 260 |
_aCusco : _bPancho Atar Editores, _c2024 |
||
| 300 |
_a493 páginas. : _c24x17.5 cm. |
||
| 500 | _zBibliografía: páginas 485-493 | ||
| 505 | _aMarcapata o el valle del Cuchoa -- Historia colonial de Marcapata -- Potosí, la mina de plata mas rica del mundo -- Historia republicana de Marcapata -- Historia del Señor de Q'oyllorrity -- Paititi la ciudad pardida de los Incas -- Corrida de toros y el gallot'hipi | ||
| 650 |
_aHistoria _951084 |
||
| 650 |
_aQ'oyllorrity _951085 |
||
| 650 |
_aGallot'hipi _951086 |
||
| 650 |
_aEscudo nacional _951087 |
||
| 650 |
_aSol de Echenique _951088 |
||
| 650 |
_aCamanti _951089 |
||
| 650 |
_aRio Inambari _951090 |
||
| 650 |
_aFamilia Arteaga _951091 |
||
| 650 |
_aFamilia Ordoñez _951092 |
||
| 700 |
_aOrdoñez Malaver, Gabriel (diseño gráfico) _951093 |
||
| 942 |
_2ddc _cLIBROS |
||
| 945 |
_apbjr _d5-03-2025 |
||